| 000 | 00747nam a2200169 4500 | ||
|---|---|---|---|
| 001 | 482 | ||
| 005 | 20181127161539.0 | ||
| 020 | 0 | 0 | _a9789993676300 |
| 090 | 0 | 0 | _a333.954 N27711a 2008 |
| 110 |
_aNational Biodiversity Centre, Ministry of Agriculture, Royal Government of Bhutan. _b _c _d _e _n _p |
||
| 245 | 0 | 0 |
_aAnimal genetic resources of Bhutan / _b _cNational Biodiversity Centre, Ministry of Agriculture, Royal Government of Bhutan. _h |
| 260 | 0 | 0 |
_aSerbithang, Thimphu : _bNational Biodiversity Centre, _c2008. |
| 300 | 0 | 0 | _aix, 61 p. |
| 650 | 0 | 0 |
_aGermplasm resources conservation. _x |
| 650 | 0 | 0 |
_aGermplasm resources, Animal --Bhutan. _x |
| 856 |
_a _uhttp://www.nbc.gov.bt/wp-content/uploads/2010/06/table.pdf _yAnimal genetic resources of Bhutan _z _3 |
||
| 999 |
_c380 _d380 |
||